000 00660cam a22002413a 4500
001 24231
003 PGUSA
005 20140828083522.0
008 080111s2008||||xxu|||||s|||||000 1 eng d
040 _aPGUSA
_beng
042 _adc
050 4 _aPL
100 1 _aYang, Erzeng,
_d17th cent.
245 1 0 _a韓湘子全傳
_h[electronic resource] /
_cErzeng Yang
260 _bProject Gutenberg,
_c2008
506 _aPublic domain in the USA.
516 _aElectronic text
653 _aHan, Xiangzi -- Fiction
740 0 _aHan Xiangzi quan zhuan
830 0 _aProject Gutenberg
_v24231
856 4 0 _uhttp://www.gutenberg.org/ebooks/24231
942 _cEB
999 _c253486
_d253486